| 000 | 02555cas a2200481 a 4500 | ||
|---|---|---|---|
| 001 | 11278640 | ||
| 005 | 20100603102629.0 | ||
| 008 | 831010c19809999ke ar b f0 a0eng d | ||
| 010 |
_a 83980780 _zsc 83008533 |
||
| 035 | _a(OCoLC)ocm09997044 | ||
| 037 | _bKenya National Library Service, National Reference & Bibliographic Dept., P.O. Box 30573, Nairobi, Kenya | ||
| 040 |
_aInU _cInU _dDLC _dNST _dDLC _dNST _dMH _dNST _dDNAL _dMH _dGU _dOCoLC _dDIBAM _dDLC |
||
| 041 | 0 |
_aeng _amul |
|
| 042 | _alc | ||
| 043 | _af-ke--- | ||
| 050 | 0 | 0 |
_aREF Z3587 _b.K47 1983 |
| 070 | 0 | _aZ3587.K47 | |
| 072 | 0 | _aA000 | |
| 072 | 0 | _aX000 | |
| 072 | 0 | _aX200 | |
| 082 | 0 | 4 |
_a015.676/2034 _219 |
| 245 | 0 | 0 | _aKenya national bibliography / |
| 246 | 1 | 3 | _aKNB |
| 260 |
_aNairobi : _bKenya National Library Service, National Reference & Bibliographic Dept., _cc1983 |
||
| 300 |
_axi, 73 p. ; _c30 cm. |
||
| 310 | _aAnnual | ||
| 362 | 0 | _a1980- | |
| 500 | _a"The objective of the Kenya National Bibliography is to record comprehensively and accurately the Bibliographic data of all Books, Annual reports, Year Books, etc. on first appearance, research reports, conference proceedings, pamphlets, maps, etc. published in Kenya and also foreign publications of interest to Kenya by subject or otherwise and foreign books written by Kenyans"--Kenya National Library Service Website. | ||
| 500 | _aWorks published in 1979 and before constitute materials for the retrospective KNB. | ||
| 550 | _aCompiled, edited, and published by: Kenya National Library Service, National Library Division, <2007-> | ||
| 590 | _aSERBIB/SERLOC merged record | ||
| 651 | 0 |
_aKenya _xImprints _vPeriodicals. |
|
| 710 | 2 |
_aKenya National Library Service. _bNational Reference & Bibliographic Dept. |
|
| 710 | 2 |
_aKenya National Library Service. _bNational Library Division. |
|
| 776 | 0 | 8 |
_iOnline version: _aKenya National Library Service. National Reference & Bibliographic Dept. _tKenya national bibliography _w(OCoLC)607796379 |
| 776 | 0 | 8 |
_iOnline version: _aKenya National Library Service. National Reference & Bibliographic Dept. _tKenya national bibliography _w(OCoLC)607821784 |
| 906 |
_a7 _bcbc _cserials _d3 _encip _f19 _gn-oclcserc |
||
| 942 |
_2lcc _cBK |
||
| 999 |
_c39953 _d39953 |
||